| 000 | 00829nam a22001697a 4500 | ||
|---|---|---|---|
| 999 |
_c63634 _d63634 |
||
| 003 | Ge_BSU | ||
| 005 | 20251119201208.0 | ||
| 008 | 251119s1965 ge ||||| |||| 00| 0 geo d | ||
| 041 | _ageo | ||
| 080 | _a911.3:33(47+57)(075.3) შ-94 | ||
| 100 |
_aშუვალოვი, ე. _926278 |
||
| 245 |
_aსსრ კავშირის ეკონომიური გეოგრაფია : _bზოგადი მიმოხილვა. VIII კლასის დამხმ. სახელმძღვ. / _c ე. შუვალოვი. |
||
| 264 |
_aთბილისი : _bგანათლება, _c1965. |
||
| 300 |
_a114 გვ. : _bრუკ. ; _c22 სმ. |
||
| 653 | _a სსრ კავშირის ეკონომიური გეოგრაფია | ||
| 942 |
_2udc _cᲬᲘᲒᲜᲘ |
||